| 000 | 01195 a2200361 4500 | ||
|---|---|---|---|
| 001 | 77270 | ||
| 003 | TR-AnTOB | ||
| 005 | 20240522095021.0 | ||
| 008 | 091201s2007 tu 10000 tur | ||
| 020 | _a9789757427438 | ||
| 022 | _a13011200 | ||
| 040 |
_aTR-AnTOB _cTR-AnTOB |
||
| 041 | _atur | ||
| 050 |
_aKKX2069 _b.A53 2008 |
||
| 090 | _aKKX2069 .A53 2008 | ||
| 245 | 0 |
_aAnayasa Mahkemesi'nin 46.kuruluş yıldönümü nedeniyle düzenlenen "Yeni anayasa arayışları ve yargının konumu" konulu sempozyumda sunulan bildiriler, 25 Nisan 2008 / _cyay.haz.Emine Aydoğdu. |
|
| 246 | 3 | _aAnayasa yargısı 25. | |
| 264 | 1 |
_aAnkara : _bAnayasa Mahkemesi, _c2008. |
|
| 300 |
_avıı, 316 s. ; _c24 cm. |
||
| 336 |
_2rdacontent _atext _btxt |
||
| 337 |
_2rdamedia _aunmediated _bn |
||
| 338 |
_2rdacarrier _avolume _bnc |
||
| 490 | 0 |
_aAnayasa Mahkemesi Yayınları ; _v57 |
|
| 504 | _aKaynakçalar var. | ||
| 650 | 7 |
_aAnayasa hukuku _zTürkiye _vKongreler _2etuturkob _999063 |
|
| 650 | 0 |
_aConstitutional law _zTurkey _vCongresses _994194 |
|
| 700 |
_aAydoğdu, Emine _930159 |
||
| 902 | _a0032304 | ||
| 903 | _aMerkez Kütüphane | ||
| 942 |
_cCR _2lcc |
||
| 945 | _aMC | ||
| 999 |
_c77270 _d25122 |
||